000 00307nam a22001337a 4500
020 _a81-7335-163-5
082 _a530
_bGUP/P
100 _aR.K.GUPTA
245 _aSARASWATI PRACTICAL PHYSICS
260 _aDELHI
_bSARASWATI PUBLICATIONS
300 _a124
650 _aPHYSICS FOR CLASS XI
_zINDIA
942 _cBK
999 _c529
_d529